| 000 -LEADER |
| fixed length control field |
01401cam a2200265 a 4500 |
| 001 - CONTROL NUMBER |
| control field |
17807033 |
| 005 - DATE AND TIME OF LATEST TRANSACTION |
| control field |
20210621142017.0 |
| 008 - FIXED-LENGTH DATA ELEMENTS--GENERAL INFORMATION |
| fixed length control field |
130710s2014 nyua b 001 0 eng |
| 020 ## - INTERNATIONAL STANDARD BOOK NUMBER |
| International Standard Book Number |
9780415626965 |
| 041 ## - LANGUAGE CODE |
| Language code of text/sound track or separate title |
eng |
| 080 ## - UNIVERSAL DECIMAL CLASSIFICATION NUMBER |
| Universal Decimal Classification number |
371.3+616.896 L-37 |
| 100 1# - MAIN ENTRY--PERSONAL NAME |
| Personal name |
Laugeson, Elizabeth A. |
| 9 (RLIN) |
12103 |
| 245 14 - TITLE STATEMENT |
| Title |
The PEERS curriculum for school based professionals : |
| Remainder of title |
social skills training for adolescents with autism spectrum disorder / |
| Statement of responsibility, etc. |
Elizabeth A. Laugeson. |
| 264 #1 - PRODUCTION, PUBLICATION, DISTRIBUTION, MANUFACTURE, AND COPYRIGHT NOTICE |
| Place of production, publication, distribution, manufacture |
New York, NY : |
| Name of producer, publisher, distributor, manufacturer |
Routledge, |
| Date of production, publication, distribution, manufacture, or copyright notice |
2014. |
| 300 ## - PHYSICAL DESCRIPTION |
| Extent |
461 pages : |
| Other physical details |
illustrations ; |
| Dimensions |
28 cm. |
| 653 ## - INDEX TERM--UNCONTROLLED |
| keyword |
PEERS– ის სასწავლო პროგრამა სკოლის ბაზაზე მოქმედი პროფესიონალებისთვის |
| 653 ## - INDEX TERM--UNCONTROLLED |
| keyword |
Учебная программа PEERS для школьных профессионалов |
| 653 ## - INDEX TERM--UNCONTROLLED |
| keyword |
აუტიზმის სპექტრის დარღვევების მქონე ახალგაზრდები |
| 653 ## - INDEX TERM--UNCONTROLLED |
| keyword |
Молодежь с расстройствами аутистического спектра |
| 653 ## - INDEX TERM--UNCONTROLLED |
| keyword |
კომუნიკაციის უნარები |
| 653 ## - INDEX TERM--UNCONTROLLED |
| keyword |
Навыки общения |
| 653 ## - INDEX TERM--UNCONTROLLED |
| keyword |
ქცევის მოდიფიკაცია |
| 653 ## - INDEX TERM--UNCONTROLLED |
| keyword |
Модификация поведения |
| 942 ## - ADDED ENTRY ELEMENTS (KOHA) |
| Source of classification or shelving scheme |
|
| Koha item type |
წიგნი |